000
00297nam a22001337a 4500
008
170130b xxu||||| |||| 00| 0 eng d
020
_a
115293
041
_a
eng
080
_a
61
100
_a
3
101
_a
SHMI
245
_a
HEALTH SERVICES ADMINISTRATION EDUCATION
_c
FINE, D
942
_2
udc
_c
BK
999
_c
4002
_d
4002